Comunicación y comunicología /

Habla de la influencia de los medios de comunicación en ámbitos como la opinión púbica, la política, la publicidad y en general en la sociedad.

Zapisane w:
Opis bibliograficzny
1. autor: Ferrer, Eulalio (autor)
Kolejni autorzy: Aranguren, José Luis (prólogo) (prólogo)
Format: Książka
Język:hiszpański
Wydane: México : Eufesa, 1982, c1982
Seria:(Comunicación)
Hasła przedmiotowe:
Etykiety: Dodaj etykietę
Nie ma etykietki, Dołącz pierwszą etykiete!

MARC

LEADER 00000nam^a2200000^a^4500
001 000329777
005 20250521000000.0
009 20260310113945.693
020 |a 968-7037-11-3 
037 |a Acervo Xavier Clavigero 
041 |a ESP 
082 |a 302. 2301  |b FER 
100 |a Ferrer, Eulalio  |e (autor) 
245 1 0 |a Comunicación y comunicología /  |c E. Ferrer ; pról. de J.L.L. Aranguren. 
264 4 |a México :  |b Eufesa,  |c 1982, c1982 
300 |a 120 p. 
336 |a texto  |b txt  |2 rdacontenido 
337 |a sin mediación  |b n  |2 rdamedio 
338 |a volumen  |b nc  |2 rdasoporte 
440 1 |a (Comunicación) 
520 |a Habla de la influencia de los medios de comunicación en ámbitos como la opinión púbica, la política, la publicidad y en general en la sociedad. 
649 |a XX 
650 |a Publicidad 
650 |a Propaganda 
650 |a Opinión Pública 
650 |a Recepción y Apropiación de la Comunicación 
650 |a Medios de Comunicación y Problemas Sociales 
650 |a Medios de Comunicación -  |x Aspectos Sociales y Culturales -  |x Tema Principal 
650 |a Comunicación y Política 
650 |a Teoría de Sistemas 
650 |a Comunicación Masiva 
650 |a Comunicación -  |x Investigación 
700 |a Aranguren, José Luis  |e (prólogo) 
910 |a Fondo General 
920 |a Impresos - Libros 
930 |a Colección General 
905 |a 101 
901 |a 037273  |b IT1  |c ACC  |u 20250521 
902 |a https://opac.biblio.iteso.mx/vufind/Record/000329777